[Event "ch-SRB"]
[Site "Mataruska Banja SRB"]
[Date "2008.03.21"]
[Round "7"]
[White "Vuckovic,Bo"]
[Black "Damljanovic,B"]
[Result "1-0"]
[WhiteElo "2556"]
[BlackElo "2582"]

1.e4 c5 2.Nf3 e6 3.d4 cxd4 4.Nxd4 Nc6 5.Nc3 Qc7 6.Be3 Nf6 7.f4 Bb4 8.Nb5 Qa5
9.e5 Nd5 10.Bd2 Nxc3 11.bxc3 Be7 12.c4 Qd8 13.Bd3 d6 14.O-O a6 15.Nxd6+ Bxd6
16.exd6 Qxd6 17.Kh1 Qc5 18.Rb1 O-O 19.Bc3 f5 20.Rf3 Rf7 21.Be2 e5 22.fxe5 Qe7
23.Rd3 Be6 24.Rd6 Re8 25.Bf3 Qf8 26.Bxc6 bxc6 27.Bb4 c5 28.Bxc5 Qe7 29.Qd4 Qc7
30.Rxe6 Rxe6 31.Bd6 Qd7 32.Qd5 h6 33.c5 Re8 34.c6 Qa7 35.c7 Qf2 36.h3 Qxc2
37.Rb8 Kh7 38.Rxe8  1-0

[Event "SCT Ladies Open"]
[Site "Stockholm SWE"]
[Date "2008.03.21"]
[Round "2"]
[White "Melia,S"]
[Black "Fomina,T"]
[Result "1-0"]
[WhiteElo "2362"]
[BlackElo "2254"]

1.e4 c5 2.Nf3 e6 3.d4 cxd4 4.Nxd4 Nc6 5.Nc3 Qc7 6.Be3 Nf6 7.Qd2 Be7 8.Ndb5 Qb8
9.O-O-O O-O 10.Bf4 e5 11.Bg5 a6 12.Nd6 Nd4 13.Nf5 Nxf5 14.exf5 b5 15.Bxf6 Bxf6
16.Nd5 Qd6 17.g4 Bb7 18.Bg2 Bxd5 19.Bxd5 Qe7 20.f4 exf4 21.Rhe1 Qd8 22.Bxa8 Qxa8
23.Qxf4 h6 24.Kb1 Rc8 25.Qe4 Qa7 26.Re2 Qc5 27.Rxd7 Qg1+ 28.Re1 Qxh2 29.Rxf7 Qd2
30.Ra7 b4 31.g5 Rd8 32.Qe8+  1-0

[Event "TCh-FRA Top 16 Gp B"]
[Site "Cannes FRA"]
[Date "2008.03.22"]
[Round "1"]
[White "Leclair,M"]
[Black "Lallemand,R"]
[Result "0-1"]
[WhiteElo "1974"]
[BlackElo "2246"]

1.e4 c5 2.Nf3 e6 3.d4 cxd4 4.Nxd4 Nc6 5.Nc3 a6 6.Be2 Qc7 7.a4 Nf6 8.O-O h5
9.Nxc6 dxc6 10.Qd4 Bd6 11.f4 e5 12.Qf2 exf4 13.Bxf4 Bxf4 14.Qxf4 Qxf4 15.Rxf4 Nd7
16.a5 Ne5 17.Na4 Be6 18.Nc5 O-O-O 19.Rf2 h4 20.Ra4 Bg4 21.Rb4 Bxe2 22.Rxe2 Rd1+
23.Kf2 Ng4+ 24.Kf3 Nxh2+ 25.Ke3 h3 26.Nxb7 Nf1+ 27.Kf4 h2  0-1

[Event "12th Neckar Open A"]
[Site "Deizisau GER"]
[Date "2008.03.22"]
[Round "5"]
[White "Heimann,An"]
[Black "Gonzalez Garcia,J2"]
[Result "1/2-1/2"]
[WhiteElo "2403"]
[BlackElo "2549"]

1.e4 c5 2.Nf3 e6 3.d4 cxd4 4.Nxd4 Nc6 5.Nc3 d6 6.g3 Nf6 7.Bg2 Bd7 8.O-O Be7
9.b3 a6 10.Bb2 O-O 11.Qd2 Rc8 12.Rfe1 Nxd4 13.Qxd4 Qc7 14.Rac1 b5 15.Nd1 Bc6
16.c4 Qb7 17.Nc3 Rfd8 18.Ba1 b4 19.Nb1 e5 20.Qe3 Re8 21.Rcd1 h6 22.Nd2 Bd8
23.c5 Bb5 24.cxd6 Bb6 25.Qf3 Rc2 26.Bf1 Bd7 27.Qd3 Rxa2 28.Qb1 Rxa1 29.Qxa1 Ng4
30.Qxa6 Bxf2+ 31.Kg2 Qxa6 32.Bxa6 Bxe1 33.Rxe1 Ra8 34.Bd3 Ra2 35.Re2 Ne3+
36.Kf3 Nc2 37.Bxc2 Rxc2 38.Kf2 Bg4 39.Nf3 Rxe2+ 40.Kxe2 f6 41.Kd3 Kf7 42.Ne1 Be6
43.Kc2 Bc8 44.Nd3 Ke6 45.Nxb4 Kxd6 46.Nd3 Bb7 47.Nf2 Kc5 48.Kc3 h5 49.b4+ Kb5
50.Kb3 Ba8 51.Nd1 g6 52.Nc3+ Kc6 53.Kc4 f5 54.exf5 gxf5 55.Kd3 Bb7  1/2-1/2

[Event "12th Neckar Open A"]
[Site "Deizisau GER"]
[Date "2008.03.22"]
[Round "5"]
[White "Fedorchuk,S"]
[Black "Van Oosterom,C"]
[Result "1-0"]
[WhiteElo "2652"]
[BlackElo "2408"]

1.e4 c5 2.Nf3 e6 3.d4 cxd4 4.Nxd4 Nc6 5.Nc3 Qc7 6.Be2 Nf6 7.O-O a6 8.Be3 Bb4
9.Na4 Be7 10.Nxc6 bxc6 11.Nb6 Rb8 12.Nxc8 Qxc8 13.Bd4 c5 14.Be5 Rb6 15.b3 Nxe4
16.Bxg7 Rg8 17.Be5 Bd6 18.Bxd6 Rxd6 19.Bd3 Nf6 20.f4 Qc7 21.Qf3 Ke7 22.Rae1 Rd4
23.g3 Qd6 24.Re5 h6 25.Kh1 a5 26.a4 Nd5 27.Rh5 Nb4 28.f5 Nxd3 29.f6+ Kd8
30.Qa8+ Kc7 31.Qa7+ Kc6 32.cxd3 Rg5 33.Qa6+ Kc7 34.Qxa5+ Qb6 35.Qxb6+ Kxb6
36.Rxh6 Rxd3 37.Rh7 Rd2 38.Kg1 Re5 39.Rxf7 Ree2 40.Rh7 Rg2+ 41.Kh1 Rgf2 42.Rxf2 Rxf2
43.Rxd7 Rxf6 44.Kg2  1-0

[Event "72nd ch-BUL"]
[Site "Plovdiv BUL"]
[Date "2008.03.22"]
[Round "11"]
[White "Radulski,J"]
[Black "Iotov,V"]
[Result "1/2-1/2"]
[WhiteElo "2511"]
[BlackElo "2495"]

1.e4 c5 2.Nc3 Nc6 3.Nf3 e6 4.d4 cxd4 5.Nxd4 Qc7 6.g3 a6 7.Bg2 Nf6 8.O-O Be7
9.Re1 O-O 10.Nxc6 dxc6 11.e5 Nd5 12.Qg4 Re8 13.Bd2 b5 14.h4 Nxc3 15.Bxc3 Bb7
16.h5 c5 17.Rad1 Red8 18.Bxb7 Qxb7 19.Ba5 Rxd1 20.Rxd1 h6 21.a3 Rc8 22.c3 c4
23.Rd2 Rc5 24.Qe2 Rd5 25.Rxd5 Qxd5 26.Bb6 f5  1/2-1/2

[Event "Jack Speigel Memorial"]
[Site "Southend ENG"]
[Date "2008.03.22"]
[Round "3"]
[White "McDonald,N"]
[Black "Plaskett,J"]
[Result "1-0"]
[WhiteElo "2386"]
[BlackElo "2490"]

1.e4 c5 2.Nf3 e6 3.d4 cxd4 4.Nxd4 Nc6 5.Nc3 Qc7 6.Be3 a6 7.Qd2 Nf6 8.O-O-O b5
9.Bf4 e5 10.Nxc6 exf4 11.e5 dxc6 12.exf6 gxf6 13.Ne4 Be7 14.Qc3 Be6 15.Nxf6+ Bxf6
16.Qxf6 Rg8 17.Be2 Kf8 18.Bf3 Re8 19.Rhe1 c5 20.Bd5 Bxd5 21.Qh6+ Rg7 22.Rxe8+ Kxe8
23.Qxg7  1-0

[Event "LIV Abierto Mexicano de Ajedrez"]
[Site "Aguascalientes MEX"]
[Date "2008.03.23"]
[Round "9"]
[White "Morales Garcia,S"]
[Black "Hernandez Guerrero,G"]
[Result "0-1"]
[WhiteElo "2283"]
[BlackElo "2548"]

1.e4 c5 2.Nf3 e6 3.d4 cxd4 4.Nxd4 Nc6 5.Nc3 a6 6.Be3 Nf6 7.Bd3 Qc7 8.O-O Ne5
9.Be2 b5 10.f4 Nc4 11.Bc1 d6 12.Qd3 Bb7 13.Bf3 Rc8 14.b3 Nb6 15.Bd2 Be7 16.a4 bxa4
17.Nxa4 Nbd7 18.c4 O-O 19.Qe2 Rb8 20.h3 Rfe8 21.Kh2 e5 22.fxe5 Nxe5 23.Nc3 d5
24.Bf4 dxc4 25.bxc4 Bd6 26.Kh1 Nxc4 27.Ndb5 axb5 28.Nxb5 Qe7 29.Nxd6 Nxd6
30.Ra7 Nd7 31.e5 Bxf3 32.Qxf3 Nb5 33.e6 Nxa7 34.Bxb8 Rxb8  0-1

[Event "TCh-FRA Top 16 Gp A"]
[Site "Clichy FRA"]
[Date "2008.03.23"]
[Round "2"]
[White "Nijboer,F"]
[Black "Stellwagen,D"]
[Result "1/2-1/2"]
[WhiteElo "2578"]
[BlackElo "2625"]

1.e4 c5 2.Nf3 e6 3.d4 cxd4 4.Nxd4 Nc6 5.Nc3 Qc7 6.Be3 Nf6 7.Qd2 Bb4 8.f3 a6
9.O-O-O Ne5 10.Nb3 b5 11.Qe1 Rb8 12.Qg3 Nh5 13.Qh3 Nf6 14.Bd4 Nc6 15.Qg3 Qxg3
16.hxg3 Nxd4 17.Rxd4 Bxc3 18.bxc3 Ke7 19.e5 Nd5 20.c4 bxc4 21.Bxc4 Nb4 22.Na5 Rb6
23.Rg4 g6 24.Rgh4 Bb7 25.a3 Nc6 26.Nxc6+ Rxc6 27.Bd3 h5 28.g4 Rc5 29.gxh5 Rxe5
30.hxg6 Rxh4 31.Rxh4 fxg6 32.Rb4 Bc6 33.Bxa6 Ra5 34.Bd3 Rxa3 35.Bxg6 Ra1+
36.Kd2 Rg1 37.Rg4 d5 38.Bd3 e5 39.c3 Kd6 40.Rg6+ Kc5 41.Rg5 Kd6 42.g3 Ra1
43.Rg6+ Kc5 44.Rg5 Kd6 45.Rg6+ Kc5 46.Rg5  1/2-1/2

[Event "XXXV Open"]
[Site "La Roda ESP"]
[Date "2008.03.23"]
[Round "9"]
[White "Naranjo Moreno,A"]
[Black "Vehi Bach,V"]
[Result "0-1"]
[WhiteElo "2257"]
[BlackElo "2373"]

1.e4 c5 2.Nf3 e6 3.d4 cxd4 4.Nxd4 Nc6 5.Nc3 Qc7 6.Nb3 a6 7.Bd3 Nf6 8.O-O b5
9.Be3 Be7 10.f4 d6 11.Qf3 Bb7 12.a3 O-O 13.Nd4 Nxd4 14.Bxd4 e5 15.fxe5 dxe5
16.Qg3 Bc5 17.Bxc5 Qxc5+ 18.Kh1 Nh5 19.Qg5 g6 20.Nd5 Bxd5 21.Qxe5 Rad8 22.exd5 Rxd5
23.Qe4 Ng3+ 24.hxg3 Rh5+ 25.Qh4 Rxh4+ 26.gxh4 Qd4 27.g3 Re8 28.Rab1 Re3 29.Rf4 Qd5+
30.Kh2 Qa2 31.Rff1 h6 32.Kh3 Qe6+ 33.Kh2 Qe5 34.Rf4 g5 35.hxg5 hxg5 36.Rg4 Qh8+
37.Kg2 Qh5 38.Bf5 Re2+ 39.Kf3 Re5  0-1

[Event "2nd Agzamov Memorial"]
[Site "Tashkent UZB"]
[Date "2008.03.23"]
[Round "4"]
[White "Amonatov,F"]
[Black "Kim,Alex"]
[Result "1-0"]
[WhiteElo "2649"]
[BlackElo "2442"]

1.e4 c5 2.Nf3 e6 3.d4 cxd4 4.Nxd4 Nc6 5.Nc3 Qc7 6.Be3 Nf6 7.Qd2 a6 8.f3 Bb4
9.a3 Be7 10.g4 h6 11.O-O-O b5 12.Bf4 e5 13.Nxc6 dxc6 14.Be3 Be6 15.Qf2 Nd7
16.Nd5 cxd5 17.exd5 Nc5 18.dxe6 Nxe6 19.Bd3 Nc5 20.Bxc5 Qxc5 21.Qe2 O-O 22.Kb1 Bh4
23.Rhf1 Rad8 24.f4 exf4 25.Rxf4 Rde8 26.Qf3 Bf6 27.Rf5 Qb6 28.Rd5 Rd8 29.Be4 Rxd5
30.Bxd5 a5 31.Qb3 Qc7 32.h3 Rb8 33.c3 Qe7 34.Rf1 b4 35.cxb4 axb4 36.a4 Rd8
37.Rc1 Bxb2 38.Bxf7+ Qxf7 39.Qxf7+ Kxf7 40.Kxb2 Kf6 41.Kb3 Rd3+ 42.Kxb4 Rxh3
43.a5 Rh2 44.Rc5 Ra2 45.Kb5 Ke6 46.Kb6 Rb2+ 47.Kc6 Ra2 48.Rb5 Ra4 49.Kb7 Rxg4
50.a6  1-0

[Event "TCh-FRA Top 16 Gp A"]
[Site "Clichy FRA"]
[Date "2008.03.24"]
[Round "3"]
[White "Edouard,R"]
[Black "Philippe,C"]
[Result "1/2-1/2"]
[WhiteElo "2507"]
[BlackElo "2378"]

1.e4 c5 2.Nf3 e6 3.d4 cxd4 4.Nxd4 Nc6 5.Nc3 a6 6.Nxc6 bxc6 7.Bd3 d5 8.O-O Nf6
9.Re1 Be7 10.Qf3 O-O 11.Bf4 Bb7 12.Rad1 Re8 13.Na4 Qa5 14.b3 dxe4 15.Bxe4 Nxe4
16.Qxe4 Rad8 17.h3 Ba8 18.Be5 c5 19.Qg4 g6 20.Qf4 Rxd1 21.Rxd1 Rd8 22.Rxd8+ Qxd8
23.c4 f6 24.Bc7 Qd1+ 25.Kh2 Bc6 26.Nb6 Bb7 27.Bb8 e5 28.Qg4 Qxg4 29.hxg4 Kf7
30.g5 Ke6 31.gxf6 Bxf6 32.Na4 Be7 33.Ba7 Bc6 34.Nxc5+ Bxc5 35.Bxc5 Be4 36.Be3 Bb1
37.b4 Bxa2 38.c5 Bd5 39.g4 h5 40.Kg3 Kf6 41.Bc1 hxg4 42.Kxg4 Be6+ 43.Kf3 Bd5+
44.Ke3  1/2-1/2

[Event "3rd Open"]
[Site "Kolkata IND"]
[Date "2008.03.25"]
[Round "2"]
[White "Kobese,W"]
[Black "Rahman,Zia"]
[Result "1/2-1/2"]
[WhiteElo "2389"]
[BlackElo "2492"]

1.e4 c5 2.Nf3 e6 3.d4 cxd4 4.Nxd4 Nc6 5.Nc3 Qc7 6.Be2 a6 7.O-O Nf6 8.Be3 Be7
9.f4 d6 10.a4 O-O 11.Kh1 Bd7 12.Nb3 b6 13.g4 Bc8 14.g5 Nd7 15.f5 Re8 16.Bh5 Nde5
17.fxe6 Bxe6 18.Nd5 Bxd5 19.exd5 Nb8 20.Bxf7+ Nxf7 21.Rxf7 Nd7 22.Rf2 Bf8
23.Bd4 Ne5 24.Qg1 Qb7 25.Qg2 g6 26.Nd2 Bg7 27.Ne4 Ng4 28.Rf4 Bxd4 29.Nxd6 Qc7
30.Rxg4 Qxd6 31.Rxd4 Re5 32.c3 Rae8 33.Qg3 Qd8 34.d6 Rxg5 35.Qf3 Rf8 36.Qe4 Qf6
37.Rdd1 Re5 38.Qb7 Re2 39.d7 Rxh2+  1/2-1/2

[Event "3rd Open"]
[Site "Kolkata IND"]
[Date "2008.03.25"]
[Round "2"]
[White "Ahmed,SN"]
[Black "Neelotpal,D"]
[Result "0-1"]
[WhiteElo "2379"]
[BlackElo "2486"]

1.e4 c5 2.Nf3 e6 3.d4 cxd4 4.Nxd4 Nc6 5.Nc3 d6 6.g3 Nf6 7.Bg2 Bd7 8.O-O a6
9.a4 Be7 10.b3 O-O 11.Bb2 Na5 12.Kh1 Qb6 13.f4 Rfd8 14.Rb1 Bf8 15.g4 Nxg4
16.Qxg4 Qxd4 17.Qg3 Qa7 18.f5 e5 19.Nd5 Bc6 20.Nf6+ Kh8 21.Nh5 f6 22.Qh4 b5
23.Rf3 d5 24.axb5 axb5 25.Rh3 dxe4 26.Nf4 h6 27.Ne6 Rd2 28.Rg1 Rxc2 29.Nxf8 Rxf8
30.Ba3 Rd8 31.Bc1 Qxg1+ 32.Kxg1 Rd1+ 33.Bf1 e3  0-1

[Event "ch-SRB"]
[Site "Mataruska Banja SRB"]
[Date "2008.03.26"]
[Round "11"]
[White "Leskur,D"]
[Black "Damljanovic,B"]
[Result "1-0"]
[WhiteElo "2468"]
[BlackElo "2582"]

1.e4 c5 2.Nf3 e6 3.d4 cxd4 4.Nxd4 Nc6 5.Nc3 Qc7 6.Be3 a6 7.Qd2 Nf6 8.f3 h5
9.O-O-O Be7 10.Bd3 b5 11.Kb1 Bb7 12.Qf2 Ne5 13.Nb3 Rc8 14.h3 h4 15.Rhe1 d6
16.f4 Nxd3 17.cxd3 Qd7 18.a3 Nh5 19.Rc1 O-O 20.Qd2 f5 21.exf5 exf5 22.Rg1 Bf6
23.Bd4 Bd8 24.Ne2 Rxc1+ 25.Nbxc1 Ng3 26.Bf2 Nxe2 27.Nxe2 Re8 28.g3 Bf3 29.Nc1 Bf6
30.gxh4 Bh5 31.Qb4 Re7 32.Bd4 Bxh4 33.Qb3+ Kh7 34.Qd5 Bg6 35.Qg2 Qe8 36.Qd5 Qf7
37.Qxd6 Rd7 38.Qb6 Bd8 39.Qc5 Be7 40.Qb6 Bd8 41.Qc5 Qe6 42.Qc8 Qd5 43.Be5 a5
44.d4 Qe4+ 45.Ka1 Qb7 46.Qxb7 Rxb7 47.Nd3 Bb6 48.Nc5 Re7 49.b4 Bh5 50.d5 Ra7
51.Kb2 Bf3 52.d6 axb4 53.axb4 Bxc5 54.bxc5 Bc6 55.Rg3 g6 56.Bf6 Ra4 57.Rd3 Ra7
58.Bd8 Rd7 59.Bf6 Ra7 60.Bd8 Rd7 61.Bg5 Ra7 62.Re3 Kg7 63.Re6 Kf7 64.Re5 Rd7
65.h4 Ra7 66.Bd8 Rd7 67.Bc7 Kg7 68.Kc3 Kh6 69.Re3 Kh5 70.Rg3 Rg7 71.Kb4 Kxh4
72.Rg5 Rg8 73.Ka5 b4 74.Kb6 Be4 75.c6 b3 76.d7 b2 77.Rg1  1-0

[Event "ch-SRB"]
[Site "Mataruska Banja SRB"]
[Date "2008.03.27"]
[Round "12"]
[White "Damljanovic,B"]
[Black "Ivanisevic,I"]
[Result "0-1"]
[WhiteElo "2582"]
[BlackElo "2649"]

1.e4 c5 2.Nf3 e6 3.d4 cxd4 4.Nxd4 Nc6 5.Nc3 Qc7 6.f4 a6 7.Nxc6 Qxc6 8.Bd3 b5
9.Qe2 Bb7 10.Bd2 Rc8 11.a4 b4 12.Na2 Nf6 13.e5 Nd5 14.O-O Be7 15.a5 O-O 16.c4 bxc3
17.bxc3 f5 18.Kh1 d6 19.c4 Nc7 20.Rab1 Ba8 21.Rb6 Qd7 22.exd6 Bxd6 23.Be3 Rfd8
24.Bc2 Qe7 25.Qf2 Ne8 26.Rxa6 Nf6 27.Bb6 Ng4 28.Qg3 Bc5 29.h3 Rd2 30.Rxa8 Rxa8
31.hxg4 Rxc2 32.Nc1 Rxc4 33.Nd3 Bxb6 34.Ne5 Qc5 35.axb6 Rc1 36.Rxc1 Qxc1+
37.Kh2 Ra1 38.Qf3 Qg1+ 39.Kg3 Qe1+ 40.Kh3 Qb4 41.g3 Qe4 42.Qxe4 fxe4 43.Nc4 Rb1
44.Nd2 Rb4  0-1

[Event "ch-SRB"]
[Site "Mataruska Banja SRB"]
[Date "2008.03.27"]
[Round "12"]
[White "Perunovic,Mil"]
[Black "Pikula,D"]
[Result "1-0"]
[WhiteElo "2570"]
[BlackElo "2524"]

1.e4 c5 2.Nf3 e6 3.d4 cxd4 4.Nxd4 Nc6 5.Nc3 d6 6.Be3 Nf6 7.f4 Be7 8.Qf3 O-O
9.O-O-O Qc7 10.h3 a6 11.g4 Nxd4 12.Bxd4 e5 13.Bf2 exf4 14.g5 Nd7 15.Qxf4 Qd8
16.Rg1 Re8 17.Nd5 Bf8 18.h4 b5 19.Bh3 Rb8 20.Bxd7 Bxd7 21.Nf6+ Kh8 22.Nxe8 Qxe8
23.h5 Qe6 24.h6 Qxa2 25.Bd4 Rc8 26.hxg7+ Bxg7 27.Bxg7+ Kxg7 28.Qf6+ Kg8 29.g6 Rxc2+
30.Kxc2 Qc4+ 31.Kd2 fxg6  1-0

[Event "2nd Agzamov Memorial"]
[Site "Tashkent UZB"]
[Date "2008.03.27"]
[Round "8"]
[White "Gubaydulin,T"]
[Black "Kim,Alex"]
[Result "0-1"]
[WhiteElo "2211"]
[BlackElo "2442"]

1.e4 c5 2.Nf3 e6 3.d4 cxd4 4.Nxd4 Nc6 5.Nc3 Qc7 6.Be2 Nf6 7.O-O Be7 8.Be3 O-O
9.f4 d6 10.Kh1 Nxd4 11.Qxd4 b6 12.f5 Bb7 13.fxe6 fxe6 14.Qc4 Qxc4 15.Bxc4 d5
16.exd5 Nxd5 17.Nxd5 Bxd5 18.Bxd5 exd5 19.Rxf8+ Bxf8 20.Kg1 Kf7 21.Bd4 Bc5
22.Rd1 Ke6 23.Kf2 Rf8+ 24.Ke2 Rf4 25.c3 Re4+ 26.Kf2 Rf4+ 27.Ke2 Rh4 28.h3 Re4+
29.Kf2 Rf4+ 30.Ke2 h5 31.Rd3 Bxd4 32.cxd4 Re4+ 33.Kf3 Kd6 34.Rd1 Kc6 35.Rc1+ Kb7
36.Rd1 Ka6 37.Rd3 Kb5 38.Rb3+ Kc4 39.Rc3+ Kxd4 40.Rc7 g5 41.Rxa7 Kd3 42.Ra3+ Kd2
43.g3 g4+ 44.hxg4 hxg4+ 45.Kf2 d4 46.Rb3 Re6 47.Rb4 Rf6+ 48.Kg2 Ke3 49.Rb5 d3
50.Re5+ Kd4 51.Re8 d2 52.Rd8+ Ke3 53.Re8+ Kd3 54.Rd8+ Kc2 55.Rc8+ Kxb2 56.Rd8 Kc2
57.Rc8+ Kd1 58.Rg8 Rd6  0-1

[Event "Spring Festival"]
[Site "Budapest HUN"]
[Date "2008.03.29"]
[Round "9"]
[White "Roth,Jos"]
[Black "Rozsnyai,Ti"]
[Result "1-0"]
[WhiteElo "2113"]
[BlackElo "2164"]

1.e4 c5 2.Nf3 e6 3.d4 cxd4 4.Nxd4 Nc6 5.Nc3 a6 6.Nxc6 bxc6 7.Bd3 d5 8.O-O Bd6
9.Re1 Ne7 10.Qh5 a5 11.Bg5 Ba6 12.Rad1 d4 13.e5 Bb4 14.Bxa6 Rxa6 15.Re4 Bxc3
16.bxc3 c5 17.cxd4 Qa8 18.d5 g6 19.Qf3 exd5 20.Rf4 d4 21.Rxf7 Nf5 22.Qb3 h6
23.Rb7  1-0

[Event "3rd Open"]
[Site "Kolkata IND"]
[Date "2008.03.29"]
[Round "6"]
[White "Nguyen Anh Dung"]
[Black "Rahman,Zia"]
[Result "1/2-1/2"]
[WhiteElo "2525"]
[BlackElo "2492"]

1.e4 c5 2.Nf3 e6 3.d4 cxd4 4.Nxd4 Nc6 5.Nc3 Qc7 6.Be2 a6 7.O-O Nf6 8.Be3 Bb4
9.Na4 Be7 10.Nxc6 bxc6 11.Nb6 Rb8 12.Nxc8 Qxc8 13.Bd4 c5 14.Be5 Rb6 15.Qd3 d6
16.Bc3 O-O 17.b3 d5 18.exd5 Nxd5 19.Rad1 Nxc3 20.Qxc3 Qc7  1/2-1/2

[Event "KNSB TCh-NED 2007-8"]
[Site "Netherlands NED"]
[Date "2008.03.29"]
[Round "8"]
[White "Cuijpers,F"]
[Black "Leenhouts,K"]
[Result "1-0"]
[WhiteElo "2495"]
[BlackElo "2394"]

1.e4 c5 2.Nf3 e6 3.d4 cxd4 4.Nxd4 Nc6 5.Nc3 Qc7 6.Be2 a6 7.O-O Nf6 8.Be3 Be7
9.f4 d6 10.a4 O-O 11.Kh1 Re8 12.Bd3 Bd7 13.Qf3 Rac8 14.Qg3 Bf8 15.Nf3 g6
16.Rad1 Nb4 17.e5 Nfd5 18.Bd4 Nxc3 19.Bxc3 Nxd3 20.Rxd3 d5 21.Ra1 b5 22.axb5 axb5
23.Rd2 b4 24.Bd4 Ra8 25.b3 Rxa1+ 26.Bxa1 Ra8 27.Bd4 Bc5 28.h3 Bxd4 29.Nxd4 Ra1+
30.Kh2 Rf1 31.Qe3 Qa7 32.Rd3 Qa1 33.Qd2 h5 34.Kg3 Re1 35.Nf3 Re4 36.Ng5 Re1
37.Qxb4 Rh1 38.Nf3 Qc1 39.Qd2 Qf1 40.Qf2 Qc1 41.Qd2  1-0

[Event "KNSB TCh-NED 2007-8"]
[Site "Netherlands NED"]
[Date "2008.03.29"]
[Round "8"]
[White "Willemze,J"]
[Black "Hoolt,S"]
[Result "1/2-1/2"]
[WhiteElo "2414"]
[BlackElo "2220"]

1.e4 c5 2.Nf3 e6 3.d4 cxd4 4.Nxd4 Nc6 5.Nc3 Qc7 6.Be2 Nf6 7.O-O a6 8.Be3 Bb4
9.Na4 Be7 10.Nxc6 bxc6 11.Nb6 Rb8 12.Nxc8 Qxc8 13.Bd4 c5 14.Be5 Rb6 15.Qd3 O-O
16.b3 d6 17.Bb2 c4 18.Qe3 Qc6 19.Bd4 Rbb8 20.e5 Nd5 21.Qg3 cxb3 22.exd6 Bf6
23.Bxf6 Nxf6 24.cxb3 Rfd8 25.Rfd1 Nd5 26.Rac1 Qxd6 27.Qxd6 Rxd6 28.Rc7 Kf8
29.Ra7 Rc8 30.Bc4 Rcc6 31.g3 Ke8 32.Rd4 Nb4 33.Rh4 h6 34.Bxe6 Rxe6 35.Rxb4 Rb6
36.Rxb6 Rxb6 37.Kg2 g5 38.h3 Re6 39.b4 Kf8 40.a4 Rb6 41.a5 Rxb4 42.Rxa6 Kg7
43.Rb6 Ra4 44.a6 Ra3 45.Rc6 h5 46.f3 Ra2+ 47.Kf1 Ra3 48.Kf2 Kh7 49.g4 hxg4
50.hxg4 Kg7 51.Ke2 Kh7 52.Rd6 Kg7 53.Kd2 Rxf3 54.Rd3 Rf2+ 55.Kc3 Ra2 56.Rd6 f5
57.gxf5 Kf7 58.Kb3 Ra1 59.Kb4 g4 60.Kb5 g3 61.Rg6 Ra3 62.Kb6 Rb3+ 63.Kc7 Ra3
64.Kb7 Rb3+ 65.Ka7 Kf8 66.Ka8 Kf7 67.a7 Ra3 68.Kb7 Rb3+ 69.Kc7 Ra3 70.Kb6 Rb3+
71.Kc5 Ra3 72.Kb6  1/2-1/2

[Event "KNSB TCh-NED 2007-8"]
[Site "Netherlands NED"]
[Date "2008.03.29"]
[Round "8"]
[White "Nijboer,F"]
[Black "Kabatianski,A"]
[Result "1-0"]
[WhiteElo "2578"]
[BlackElo "2426"]

1.e4 c5 2.Nf3 e6 3.Nc3 Nc6 4.d4 cxd4 5.Nxd4 Qc7 6.Be3 Nf6 7.Qd2 a6 8.O-O-O Bb4
9.f3 Ne5 10.Nb3 b5 11.Qd4 Nc6 12.Qb6 Qxb6 13.Bxb6 O-O 14.Be2 Be7 15.a3 d6
16.f4 Bb7 17.Bf3 Rfc8 18.e5 Ne8 19.Ne4 d5 20.Nec5 Bxc5 21.Nxc5 Rab8 22.Nd7 Ra8
23.Rhe1 Nb8 24.Nxb8 Raxb8 25.Ba7 Ra8 26.Bd4 a5 27.Re3 Nc7 28.b3 Na6 29.Kb2 Nc5
30.Be2 Ba6 31.Bxc5 Rxc5 32.b4 Rc6 33.Rc3 Rxc3 34.Kxc3 Rc8+ 35.Kb2 a4 36.Rd3 Kf8
37.Rc3 Rc4 38.Bxc4 dxc4 39.Rh3  1-0

[Event "FKB ch-USA Qualifier"]
[Site "Tulsa USA"]
[Date "2008.03.29"]
[Round "4"]
[White "Shankland,S"]
[Black "Zenyuk,I"]
[Result "1-0"]
[WhiteElo "2279"]
[BlackElo "2227"]

1.e4 c5 2.Nf3 e6 3.d4 cxd4 4.Nxd4 Nc6 5.Nc3 Qc7 6.Be3 a6 7.Bd3 Nf6 8.O-O Ne5
9.h3 d6 10.f4 Ng6 11.Kh1 Be7 12.Nce2 h5 13.f5 exf5 14.Nxf5 Bxf5 15.Rxf5 Ne5
16.Nc3 Rc8 17.Bd4 Rh6 18.Qe2 Kf8 19.Raf1 Kg8 20.Bxe5 dxe5 21.Nd5 Qd6 22.Nxf6+ Bxf6
23.Rxh5 Rg6 24.Rhf5 Rc7 25.R1f3 Qd4 26.c3 Qa4 27.a3 Rg5 28.Bc2 Qc6 29.Bb3 Rxf5
30.Rxf5 g6 31.Bd5 Qb6 32.Rf3 Bg5 33.Qf1  1-0

[Event "3rd Open"]
[Site "Kolkata IND"]
[Date "2008.03.30"]
[Round "7"]
[White "Himanshu,Sh"]
[Black "Dobrov,V"]
[Result "0-1"]
[WhiteElo "2398"]
[BlackElo "2501"]

1.e4 c5 2.Nc3 e6 3.Nf3 Nc6 4.d4 cxd4 5.Nxd4 d6 6.g3 Nf6 7.Bg2 Bd7 8.Nb3 Be7
9.O-O O-O 10.f4 b5 11.Be3 b4 12.Nb5 Qb8 13.c4 e5 14.f5 a6 15.a4 axb5 16.cxb5 Na5
17.Nxa5 Rxa5 18.g4 Bxb5 19.axb5 Rxa1 20.Qxa1 Nxg4 21.Ba7 Qxb5 22.Qd1 Qa6
23.Qxg4 Qxa7+ 24.Kh1 Bf6 25.Rc1 Qf2 26.b3 Qe3 27.Qd1 h6 28.Rc4 Ra8 29.Rxb4 Ra2
30.Ra4 Rd2 31.Qf1 Qxb3 32.Ra1 Kh7 33.Rb1 Qc2 34.Rc1 Qa4 35.Qf3 Qd4 36.Rf1 Qb2
37.Qg4 Qc2 38.Qf3 Re2 39.Qg4 Qd2 40.Qg3 Bg5 41.Qg4 Bf4 42.Qf3 Qc2 43.Rg1 Rf2
44.Qg4 Bg5 45.Rf1 Re2 46.Qf3 Qc4 47.Rd1 Re3 48.Qf1 Rxe4 49.Rxd6 Qb4 50.Rb6 Qd4
51.Rd6 Qe3 52.Rd3 Qe2 53.Rd1 Re3 54.Qxe2 Rxe2 55.Bd5 g6 56.fxg6+ Kxg6 57.Bc4 Re3
58.Kg2 f5 59.Rd6+ Bf6  0-1

[Event "3rd Open"]
[Site "Kolkata IND"]
[Date "2008.03.30"]
[Round "7"]
[White "Ramesh,R"]
[Black "Swapnil,SD"]
[Result "1-0"]
[WhiteElo "2473"]
[BlackElo "2307"]

1.e4 c5 2.Nf3 e6 3.d4 cxd4 4.Nxd4 Nc6 5.Nc3 Qc7 6.f4 a6 7.Be3 b5 8.Bd3 Bb7
9.Qf3 Nf6 10.O-O-O Rc8 11.Kb1 h5 12.Rhe1 Bb4 13.Nde2 Ne7 14.Bd4 d5 15.exd5 Nexd5
16.Qg3 Kf8 17.Be5 h4 18.Qh3 Bd6 19.Nxd5 Nxd5 20.Bxd6+ Qxd6 21.f5 Rh6 22.fxe6 fxe6
23.Be4 Kg8 24.Nd4 Rf8 25.Qb3 Rf7 26.g4 hxg3 27.hxg3 Kh8 28.a3 Rd7 29.g4 g5
30.Rh1 Rxh1 31.Rxh1+ Kg8 32.Qh3 Nf6 33.Qh8+ Kf7 34.Bg6+ Ke7 35.Qg7+ Kd8 36.Qxf6+  1-0

[Event "FKB ch-USA Qualifier"]
[Site "Tulsa USA"]
[Date "2008.03.30"]
[Round "6"]
[White "Lugo,Bl"]
[Black "Zenyuk,I"]
[Result "1-0"]
[WhiteElo "2411"]
[BlackElo "2227"]

1.e4 c5 2.Nf3 e6 3.d4 cxd4 4.Nxd4 Nc6 5.Nc3 Qc7 6.Be3 a6 7.Qd2 Nf6 8.f3 Bb4
9.a3 Be7 10.g4 h6 11.O-O-O b5 12.h4 b4 13.axb4 Bxb4 14.Nxc6 Qxc6 15.Bd4 Bb7
16.g5 hxg5 17.Qxg5 Nh5 18.Bxg7 Nxg7 19.Qxg7 O-O-O 20.h5 Bxc3 21.bxc3 Qc5
22.Qd4 Rxh5 23.Rxh5 Qxh5 24.Qb6 Qxf3 25.Qc5+ Kb8 26.Qd6+ Ka8 27.Bxa6 Qe3+
28.Kb2 Rb8 29.Bb5 Bc6 30.Ra1+ Kb7 31.Ba6+ Ka7+ 32.Bb5+ Kb7 33.c4 Qb6 34.Ra6 Qe3
35.Rxc6  1-0

[Event "Sozina Open"]
[Site "Bar MNE"]
[Date "2008.03.31"]
[Round "4"]
[White "Kalezic,B"]
[Black "Arsovic,Z"]
[Result "1/2-1/2"]
[WhiteElo "2405"]
[BlackElo "2467"]

1.e4 c5 2.Nf3 e6 3.d4 cxd4 4.Nxd4 Nc6 5.Nc3 Qc7 6.Be2 Nf6 7.O-O Be7 8.Kh1 O-O
9.f4 d6 10.Be3 Nxd4 11.Bxd4 e5 12.Be3 b6 13.Bf3 Bb7 14.Qe1  1/2-1/2

[Event "ch-SRB w"]
[Site "Kac SRB"]
[Date "2008.03.31"]
[Round "3"]
[White "Mladenovic,J"]
[Black "Chelushkina,I"]
[Result "1-0"]
[WhiteElo "2114"]
[BlackElo "2357"]

1.e4 c5 2.Nf3 e6 3.d4 cxd4 4.Nxd4 Nc6 5.Nc3 d6 6.Be2 Nf6 7.O-O Be7 8.Be3 O-O
9.f4 e5 10.fxe5 dxe5 11.Nf5 Bxf5 12.Rxf5 Qa5 13.Qe1 Bc5 14.Qf2 Bxe3 15.Qxe3 Ne7
16.Rg5 Ng6 17.Kh1 Qb4 18.h4 h6 19.Rf5 Qd4 20.Qg3 Nxe4 21.Nxe4 Qxe4 22.Bd3 Qd4
23.Re1 Rae8 24.Re4 Qxb2 25.Rg4 e4 26.Bxe4 Qb4 27.c3 Qb6 28.h5 Rd8 29.hxg6 Rd1+
30.Kh2 f6 31.Bd5+ Kh8 32.Rh4 Qg1+ 33.Kh3 Qh1+ 34.Kg4 Qg1 35.Qh3 Rd4+ 36.cxd4 Qxd4+
37.Kg3 Qc3+ 38.Kh2  1-0

[Event "3rd Open"]
[Site "Kolkata IND"]
[Date "2008.03.31"]
[Round "8"]
[White "David,Alb"]
[Black "Laznicka,V"]
[Result "0-1"]
[WhiteElo "2557"]
[BlackElo "2595"]

1.e4 c5 2.Nf3 e6 3.d4 cxd4 4.Nxd4 Nc6 5.Nc3 a6 6.Be2 d6 7.O-O Nf6 8.a4 Be7
9.Kh1 O-O 10.f4 Bd7 11.Be3 Rc8 12.Nb3 Na5 13.e5 Ne8 14.Nxa5 Qxa5 15.Bd4 Bc6
16.Qe1 dxe5 17.fxe5 g6 18.Bd3 Ng7 19.Ne4 Qxe1 20.Rfxe1 Rfd8 21.Bb6 Rd5 22.Nc3 Rd7
23.a5 Nf5 24.Kg1 Kg7 25.Rad1 h5 26.Ne4 h4 27.h3 Rh8 28.Ra1 Bb4 29.Re2 Nd4
30.Rf2 Nb3 31.cxb3 Rxd3 32.Ng5 Rh5 33.Nxf7 Rf5 34.Nd8 Bd5 35.Rc2 Kh6 36.Ra4 Rd1+
37.Kh2 Be1 38.Rg4 Rf1 39.Be3+ Kg7 40.Rc7+ Kf8 41.Bd2  0-1